Psychologie der Gruppe

Salvato in:
Dettagli Bibliografici
Autore principale: Sader, Manfred
Natura: Libro
Lingua:tedesco
Pubblicazione: München Juventa 1979
Edizione:2. Auflage
Tags: Aggiungi Tag
Nessun Tag, puoi essere il primo ad aggiungerne!!

MARC

LEADER 00000nam a2200000 4500
001 c142523
005 20041019155325.1
041 0 |a ger 
044 |a DE 
245 1 0 |a Psychologie der Gruppe  |c Manfred Sader 
250 |a 2. Auflage 
264 1 |a München  |b Juventa  |c 1979 
300 |a 231 s. 
100 1 |a Sader, Manfred